00860nam a2200253 a 450000100060000000300080000600500170001400800410003102000210007203500190009304000320011204100080014408200180015210000400017024500780021026000390028830000210032749000330034865000260038183000400040794200120044799900170045995201300047617755BD-RjUL20211209000204.0140217s1964 enk 000 1 eng d a0571060897 (pbk) a(BD-RjUL)17813 aDLCcTOLdEQOdBD-RjULbeng aeng a821bMAS 19641 aMacNeice, Louis,d1907-1963.95334110aSelected poems /cLouis MacNeice ; selected and introduced by W.H. Auden. aLondon :bFaber and Faber,cc1964. a160 p. ;c19 cm.1 aFaber paper covered editions aEnglish Poetry954764 0aFaber paper covered editions954777 2ddccBK c17755d17755 00102ddc40708FICaRUCLbRUCLcStackd1973-02-05eO. U. Pg7.15l0o821 MAS 1964r2014-02-17 00:00:00tC-2w2014-02-17yBK